Economics (Record no. 258012)

MARC details
000 -LEADER
fixed length control field 00445nam a2200169Ia 4500
008 - FIXED-LENGTH DATA ELEMENTS--GENERAL INFORMATION
fixed length control field 191130s2005##################000#0#eng##
020 ## - INTERNATIONAL STANDARD BOOK NUMBER
ISBN 256475954
082 ## - DEWEY DECIMAL CLASSIFICATION NUMBER
Classification number 330 LEW
245 ## - TITLE STATEMENT
Title Economics
Statement of responsibility, etc Instructor : Randall Lewis
260 ## - PUBLICATION, DISTRIBUTION, ETC. (IMPRINT)
Place of publication New York
Name of publisher McGraw-Hill Primis
Year of publication c2005
300 ## - PHYSICAL DESCRIPTION
Number of Pages iii, 258 p. : ill
650 ## - SUBJECT ADDED ENTRY--TOPICAL TERM
Topical Term Economics
991 ## -
-- 38891
Holdings
Withdrawn status Lost status Damaged status Not for loan Home library Current library Shelving location Date acquired Full call number Accession Number Price effective from Koha item type
        Anna Centenary Library Anna Centenary Library 4TH FLOOR, A WING 13.10.2020 330 LEW 404123 13.10.2020 English Books

Find us on the map